|
|
|
|
| LEADER |
00000nam a2200000 i 4500 |
| 001 |
1/80216 |
| 008 |
960606s1970 eng d |
| 020 |
|
|
|a 0-14-021456-9
|
| 035 |
|
|
|a 1987
|b 2
|c Αγορά/Αφένδρας
|l 10033390
|
| 040 |
|
|
|a GR-MY-UA
|b gre
|e aacr
|
| 041 |
0 |
|
|a eng
|
| 082 |
0 |
|
|a 401.9
|
| 100 |
1 |
|
|a Britton, James N.
|
| 245 |
1 |
0 |
|a Language and learning /
|c James Britton
|
| 260 |
|
|
|a [s.l.] :
|b Penguin,
|c c1970
|
| 300 |
|
|
|a 297 p.
|
| 650 |
0 |
0 |
|a Children
|x Language.
|
| 650 |
0 |
0 |
|a Language acquisition.
|
| 650 |
0 |
0 |
|a Language and education.
|
| 852 |
|
|
|a INST
|b RHODES
|e 19960606
|h 401.9 BRI
|p 005400003871
|q 005400003871
|t BK
|y 0
|
| 909 |
|
|
|a Ρ
|b 008037
|c 1987
|